Jeux vidéo en image - D - Statistiques

Statistiques générales
  • Ce quiz a été pris 119 fois
  • Le résultat moyen est 10 sur 20
Statistiques - réponses
Par images Réponse % Correct
Detroit: Become Human
87%
Doom
86%
Dofus
80%
Dark Souls III
76%
Death Stranding
62%
Dead Space
55%
Diablo 2
54%
Dead by Daylight
52%
Destiny
51%
Devil May Cry 5
43%
Duke Nukem Forever
43%
Days Gone
41%
Dishonored
39%
Dead Cells
38%
Dying Light
38%
Deus Ex: Mankind Divided
34%
Dead Rising 2
26%
DayZ
25%
Deathloop
25%
Darkest Dungeon
17%
Aucun quiz correspondant
Distribution des résultats
% des personnes avec chaque résultat
Percentile par nombre de réponses
Votre historique - résultats
Vous n’avez pas pris ce quiz